000 00321nam a22001337a 4500
008 170817b xxu||||| |||| 00| 0 eng d
020 _a9780072899054
041 _aeng
080 _24 ED
_a51
100 _a36
101 _aMAT
245 _aDISCRETE MATHEMATICS AND ITS APPLICATION
_cROSEN.K.H
942 _2udc
_cBK
999 _c23825
_d23825